Historia de la filosofía : tomo primero /

Gorde:
Xehetasun bibliografikoak
Egile nagusia: González, Zeferino (autor)
Formatua: Liburua
Hizkuntza:gaztelania
Edizioa:2a edición
Gaiak:
Etiketak: Etiketa erantsi
Etiketarik gabe, Izan zaitez lehena erregistro honi etiketa jartzen!

MARC

LEADER 00000nam^a2200000^a^4500
001 000363058
005 20250526000000.0
009 20260310115538.305
037 |a Acervo Xavier Clavigero 
041 |a ESP 
082 |a 140. 9  |b GON V. 1 
100 |a González, Zeferino  |e (autor) 
245 1 0 |a Historia de la filosofía :  |b tomo primero /  |c Z. González. 
250 |a 2a edición 
264 |a Madrid, España :  |b Agustín Jubera,  |c 1886 
300 |a LI, 535 p. ;  |c 21.0 cm. 
336 |a texto  |b txt  |2 rdacontenido 
337 |a sin mediación  |b n  |2 rdamedio 
338 |a volumen  |b nc  |2 rdasoporte 
561 |a Ex libris de Bibliotheca Collegii Maximi Prov. Mexicanae, S.J. 
561 |a Ex libris de Instituto de Literatura Puente Grande, Jal. 
561 |a Ex libris de Bibl. Iunioratus Dom. Prob. S. Ioseph 
649 |a XX 
650 |a Socráticos -  |x Historia y Crítica 
650 |a Sofistas -  |x Historia y Crítica 
650 |a Escepticismo -  |x Historia y Crítica 
650 |a Filosofía Griega -  |x Historia y Crítica 
650 |a Filosofías Orientales -  |x Historia y Crítica 
650 |a Filosofía -  |x Enciclopedias y Diccionarios -  |x Tema Principal 
650 |a Filosofía -  |x Historia y Crítica -  |x Tema Principal 
650 |a Enciclopedias y Diccionarios 
650 |a Tales de Mileto 
650 |a Pitágoras 
650 |a Sócrates 
650 |a Platón 
910 |a Fondo General 
920 |a Impresos - Libros 
930 |a Libros Antiguos y Raros 
905 |a 108 
901 |a 0500256694  |b IT2  |c LRA  |u 20250526 
901 |a 0500256652  |b IT2  |c LRA  |u 20250526 
902 |a https://opac.biblio.iteso.mx/vufind/Record/000363058